00233nam a2200085Ia 4500008004100000100002600041245002900067260004200096260000900138170620s9999 xx 000 0 und d aNarasaiah- M. Lakshmi 0aPopulation and Education bNew Delhi- Discovery Publishing House c2007